| 000 | nam a22 7a 4500 | ||
|---|---|---|---|
| 999 |
_c330734 _d330734 |
||
| 003 | NUST | ||
| 005 | 20180119162918.0 | ||
| 008 | 170802b xxu||||| |||| 00| 0 eng d | ||
| 040 | _cnust | ||
| 082 | _a305.3 | ||
| 100 | _4SPDC | ||
| 245 | _aIn search of Gender Development a compendium | ||
| 260 |
_aKarachi _bSPDC _c2014 |
||
| 300 | _a298p | ||
| 942 |
_2ddc _cBK |
||